مدن الفنون المشهورة : النيل وممفيس القاهرة 1906 (ألف تسعمائة وستة)

محفوظ في:

المؤلف الرئيسي: جاستون ميجون.

مؤلفون آخرون: مدحت عايد فهمى , فتحى حافظ الحديدى.

التنسيق: كتاب

اللغة: Undetermined

منشور في: Al-Qāhirah : al-Hayʼah al-Miṣrīyah al-ʻĀmmah lil-Kitāb, 2013.

سلاسل: سلسلة القاهرة 3

الوسوم: إضافة وسم

لا توجد وسوم, كن أول من يضع وسما على هذه التسجيلة!

رقم الطلب: N7383 .M512

LEADER 00623nam a2200157Ia 4500
008 240329s9999||||xx |||||||||||||| ||und||
020 |a 9789774484612 
050 4 |a N7383 .M512 
100 1 |a جاستون ميجون. 
245 1 0 |a مدن الفنون المشهورة : النيل وممفيس القاهرة 1906 (ألف تسعمائة وستة)  |c جاستون ميجون 
264 1 |a Al-Qāhirah :  |b al-Hayʼah al-Miṣrīyah al-ʻĀmmah lil-Kitāb,  |c 2013. 
300 |a 135  |c 24 
490 0 |a سلسلة القاهرة 3 
700 1 |a مدحت عايد فهمى , فتحى حافظ الحديدى. 
942 |2 lcc  |c BK 
999 |c 57886  |d 57886